Plant biochemistry and molecular biology (Record no. 41757)

MARC details
000 -LEADER
fixed length control field 00404nam a2200145Ia 4500
082 ## - DEWEY DECIMAL CLASSIFICATION NUMBER
Classification number 581.192:577.2
Item number HEL
100 ## - MAIN ENTRY--AUTHOR NAME
Personal name Heldt, Hans-Walter
245 #0 - TITLE STATEMENT
Title Plant biochemistry and molecular biology
260 ## - PUBLICATION, DISTRIBUTION, ETC. (IMPRINT)
Place of publication Oxford
Name of publisher Oxford University Press
Year of publication 1997
650 ## - SUBJECT ADDED ENTRY--TOPICAL TERM
Topical Term Gene technology
650 ## - SUBJECT ADDED ENTRY--TOPICAL TERM
Topical Term Photorespiration
650 ## - SUBJECT ADDED ENTRY--TOPICAL TERM
Topical Term Photosynthesis
942 ## - ADDED ENTRY ELEMENTS (KOHA)
Koha item type Books
Holdings
Withdrawn status Lost status Damaged status Not for loan Home library Current library Date acquired Cost, normal purchase price Full call number Accession Number Koha item type
        RRII Library RRII Library 16/12/2021 1275.00 581.192:577.2 HEL 22043 Books